Performance evaluation of communication networks / (Record no. 174781)
[ view plain ]
| 000 -LEADER | |
|---|---|
| fixed length control field | 00914 a2200217 4500 |
| 003 - CONTROL NUMBER IDENTIFIER | |
| control field | Nust |
| 005 - DATE AND TIME OF LATEST TRANSACTION | |
| control field | 20230904113823.0 |
| 010 ## - LIBRARY OF CONGRESS CONTROL NUMBER | |
| LC control number | 98009286 |
| 020 ## - INTERNATIONAL STANDARD BOOK NUMBER | |
| Terms of availability | 0890068704 (alk. paper) |
| 040 ## - CATALOGING SOURCE | |
| Transcribing agency | Nust |
| 082 00 - DEWEY DECIMAL CLASSIFICATION NUMBER | |
| Classification number | 621.3981,HIG |
| 100 1# - MAIN ENTRY--PERSONAL NAME | |
| Personal name | Higginbottom, Gary N., |
| 9 (RLIN) | 99228 |
| 245 10 - TITLE STATEMENT | |
| Title | Performance evaluation of communication networks / |
| Statement of responsibility, etc. | Gary N. Higginbottom. |
| 260 ## - PUBLICATION, DISTRIBUTION, ETC. | |
| Place of publication, distribution, etc. | Boston : |
| Name of publisher, distributor, etc. | Artech House, |
| Date of publication, distribution, etc. | c1998. |
| 300 ## - PHYSICAL DESCRIPTION | |
| Extent | xii, 366 p. : |
| Other physical details | ill. ; |
| Dimensions | 24 cm. |
| 440 #4 - SERIES STATEMENT/ADDED ENTRY--TITLE | |
| Title | The Artech House telecommunications library |
| 9 (RLIN) | 94200 |
| 505 ## - FORMATTED CONTENTS NOTE | |
| Formatted contents note | Introduction (Page-1), Communications Networks and Protocols (Page-11), Mathematical Analysis (Page-41), Computer Simulation (Page-95), Event Graphs for Simulation (Page-155), Markov Analysis (Page-179), LANS (Page-237), WANS (Page-291). |
| 650 #0 - SUBJECT ADDED ENTRY--TOPICAL TERM | |
| Topical term or geographic name entry element | Computer networks |
| General subdivision | Evaluation. |
| 9 (RLIN) | 99229 |
| 650 #0 - SUBJECT ADDED ENTRY--TOPICAL TERM | |
| Topical term or geographic name entry element | Telecommunication systems |
| General subdivision | Evaluation. |
| 9 (RLIN) | 99230 |
| 942 ## - ADDED ENTRY ELEMENTS (KOHA) | |
| Koha item type | Reference |
| Source of classification or shelving scheme | |
| Withdrawn status | Lost status | Source of classification or shelving scheme | Damaged status | Not for loan | Permanent Location | Current Location | Shelving location | Date acquired | Full call number | Barcode | Date last seen | Price effective from | Koha item type | Public note |
|---|---|---|---|---|---|---|---|---|---|---|---|---|---|---|
| Military College of Signals (MCS) | Military College of Signals (MCS) | Reference | 12/12/2016 | 621.3981,HIG | MCS27728 | 12/08/2016 | 12/12/2016 | Reference | Almirah No.24, Shelf No.1 |
